000 00507cam a22002171 4500
001 sa 63002781
003 DLC
005 20260227111936.0
008 890627s1963 ii 000 1 hino
010 _asa 63002781
035 _a(OCoLC)19931749
040 _aDLC
_cWaU
_dDLC
042 _apremarc
050 0 0 _aPK2098.C5
_bP5
100 1 _aChandar, Krishan.
245 1 0 _aPhūla kī tanhāʼī.
260 _c[1963]
300 _a132 p.
_c19 cm.
500 _aIn Hindi.
500 _aShort stories.
999 _c54660
_d54660